MARC

LEADER 00000nam0a2200000 4500
001 317819
005 20231102003020.0
035 |a (RuTPU)RU\TPU\book\343287 
090 |a 317819 
100 |a 20160414d1953 m y0rusy50 ca 
101 0 |a rus 
102 |a RU 
105 |a a z 001zb 
200 1 |a Николай Павлович Охлопков  |f А. Бейлин 
210 |a Москва  |c Госкиноиздат  |d 1953 
215 |a 116 с.  |c ил. 
225 1 |a Мастера советского кино 
320 |a Фильмографическая справка: с. 116 
600 1 |a Охлопков  |b Н. П.  |c актёр театра и кино  |c режиссер  |f (1900-1967)  |g Николай Павлович  |2 stltpush  |3 (RuTPU)RU\TPU\pers\36772 
606 1 |a Актеры  |2 stltpush  |3 (RuTPU)RU\TPU\subj\1657  |9 30390 
610 1 |a киноискусство 
610 1 |a история 
610 1 |a биографии 
610 1 |a художественные фильмы 
675 |a 791.44.071.2(092)  |v 4 
700 1 |a Бейлин  |b А. 
801 1 |a RU  |b 63413507  |c 20160414 
801 2 |a RU  |b 63413507  |c 20160520  |g RCR 
942 |c BK